01265nam a2200253 4500003000800000005001700008008004100025040002600066041000800092092002600100100003700126245029400163260003300457300001800490502016900508504005100677530006300728650003600791650003800827650003500865830008100900942001300981999001700994DO-SdUA20250325093537.0 s2020 dr || |||| 0 |a||0|spa d aDO-SdUAbspacDO-SdUA0 aspa aMA-PPGE 0026 FCE 20201 aVargas Almonte, Yorainy Cristina10aImplementación de la estrategia juego trabajo para el desarrollo del aprendizaje autónomo y significativo en los niños de pre-primario de la Escuela Profesor Manuel Gómez Polanco, Distrito Educativo 11-01 de Puerto Plata, año escolar 2019-2020 /cYorainy Cristina Vargas Almonte. aPuerto Plata :bUASD,c2020. av, 61, [8] h. aTesis y trabajo de grado (Maestría en Procesos Pedagógicos y Gestión de la Educación Infantil)--Universidad Autónoma de Santo Domingo, Puerto Plata, 2020. aIncluye referencias bibliográficas y anexos. aTambién disponible en CD-ROM (CD MA-PPGE 0026 FCE 2020). 72lemb99155aDesarrollo infantil 72lemb958117aAutonomía infantil 72lemb916827aJuegos educativos aTesis y disertaciones académicas (Universidad Autónoma de Santo Domingo) 2clcTn0 c12712d12712